Robert Smithson-- sculpture /

Bibliographic Details
Main Author: Hobbs, Robert Carleton, 1946-
Format: Book
Language:English
Published: Ithaca, N.Y. : Cornell University Press, 1981.
Subjects:

MARC

Tag First Indicator Second Indicator Subfields
LEADER 00000pam a2200000 a 4500
001 in00000078764
005 20151008053921.0
008 810729s1981 nyuaf b 00110 eng
010 |a  80069989  
020 |a 0801413249 
035 |a (OCoLC)07737216 
035 |9 AAH9056AM 
039 0 |a 2  |b 3  |c 3  |d 3  |e 3 
040 |a DLC  |c DLC  |d TXA  |d UtOrBLW 
049 |a TXAM  |c [1803479] 
050 0 0 |a NB237.S5694  |b H6 
082 0 |a 709/.2/4  |2 19 
100 1 |a Hobbs, Robert Carleton,  |d 1946- 
245 1 0 |a Robert Smithson-- sculpture /  |c Robert Hobbs ; with contributions by Lawrence Alloway, John Coplans, Lucy R. Lippard. 
264 1 |a Ithaca, N.Y. :  |b Cornell University Press,  |c 1981. 
300 |a 261 pages, 12 unnumbered pages of plates :  |b illustrations (some color) ;  |c 29 cm. 
336 |a text  |b txt  |2 rdacontent 
337 |a unmediated  |b n  |2 rdamedia 
338 |a volume  |b nc  |2 rdacarrier 
500 |a Includes index. 
504 |a Bibliography: pages 245-255. 
600 1 0 |a Smithson, Robert. 
999 |a MARS 
999 f f |s f8f35ad4-6bac-3a09-a5aa-cda91e5da413  |i ae82b750-fd1a-3b2f-a1d8-e470b91ebd96  |t 0 
952 f f |p normal  |a Texas A&M University  |b College Station  |c Sterling C. Evans Library  |d Evans: Library Stacks  |t 0  |e NB237.S5694 H6  |h Library of Congress classification  |i unmediated -- volume  |m A14806168968 
952 f f |p noncirc  |a Texas A&M University  |b College Station  |c Cushing Memorial Library & Archives  |d Cushing: Rare Books (Does not check out)  |t 0  |e NB237.S5694 H6  |h Library of Congress classification  |i unmediated -- volume 
998 f f |a NB237.S5694 H6  |t 0  |l Cushing: Rare Books (Does not check out) 
998 f f |a NB237.S5694 H6  |t 0  |l Evans: Library Stacks